[Event "18th Izmir Open 2019"]
[Site "Izmir"]
[Date "2019.09.02"]
[Round "4.2"]
[White "Soysal, Serkan"]
[Black "Eke, Salih"]
[Result "1/2-1/2"]
[WhiteElo "2401"]
[BlackElo "2028"]
[Annotator "TA"]
[PlyCount "156"]
[EventDate "2019.09.02"]
[EventType "swiss"]
[EventCountry "TUR"]
[SourceTitle "playchess.com"]
[Source "ChessBase"]
[SourceQuality "1"]

{[%evp 20,156,23,19,50,29,60,47,43,37,35,33,32,31,31,31,39,31,32,35,48,47,48,46,51,39,65,63,162,162,152,114,112,104,113,104,154,146,197,182,192,182,196,170,173,162,167,145,144,142,135,145,180,177,172,177,164,170,205,178,220,199,197,186,297,289,325,271,305,303,296,306,331,322,334,334,382,383,415,405,497,293,300,300,299,307,316,314,315,306,299,200,408,187,393,-4174,-4602,-1502,-1491,-729,-701,-603,-27,-27,-27,-26,-31,-32,-33,-32,-33,-29,-9,-9,-9,-9,-9,-24,0,0,0,0,0,0,0,0,0,0,0,0,0,0,0,0,0,0,0,0,0]} 1. Nf3 d5 2. c4 e6 3. g3 Nf6 4. Bg2 Be7 5. O-O O-O 6. d4 dxc4 7. Ne5 Nc6 8. Bxc6 bxc6 9. Nxc6 Qe8 10. Nxe7+ Qxe7 11. Qa4 c5 {E05: Open Catalan: 5 Nf3 Be7} (11... e5 12. dxe5 Qxe5 13. Re1 Be6 14. Nc3 Ne4 15. Qc2 Nxc3 16. Qxc3 Qxc3 17. bxc3 Rab8 18. f3 Rfd8 19. Bf4 Rb2 {½-½ (32) Nakamura,H (2746)-So,W (2762) Saint Louis 2019}) 12. Qa3 (12. Qc6 $5 {[%cal Rc6a8]} Bb7 13. Qxc5 Qxc5 14. dxc5 $14) 12... Bb7 13. dxc5 (13. Nc3 {seems wilder.} Nd5 14. Qxc5 Qd7 15. Qa5 Qc6 16. f3) 13... Rfc8 {White is slightly better.} 14. Bg5 Qxc5 15. Qxc5 Rxc5 16. Bxf6 gxf6 17. Nc3 Bc6 $146 ({Predecessor:} 17... Kg7 18. Rfd1 Rb8 19. h4 Rc6 20. Rac1 Rb6 21. Rc2 Bc6 22. Rd6 f5 23. f3 Kf8 24. Rcd2 {½-½ (24) Sindelar,F (2101)-Kruk,S (2058) ICCF email 2009}) 18. Rfd1 Rb8 19. Rd2 Kf8 20. f3 Ke7 21. Kf2 Ra5 22. Rc1 Rb7 23. Rcc2 Ra6 ({Black should try} 23... Rh5 $14) 24. Rd4 $1 $18 Bb5 25. Ke1 Kf8 26. Rcd2 Rab6 27. Kd1 a5 28. Kc1 Ba6 (28... Rb8 $16 29. Nxb5 Rxb5) 29. Rh4 Kg7 30. Rg4+ Kf8 31. Rd8+ $1 Ke7 32. Rgg8 {[%csl Gd8][%cal Rg8e8]} f5 33. g4 fxg4 34. fxg4 Bb5 35. Rd2 Rb8 36. Rg5 a4 37. Rh5 Bc6 38. Rxh7 Kf6 39. Rh5 Kg6 40. Rc5 a3 41. bxa3 Ba8 (41... Ra6 {was called for.} 42. Rxc4 Rh8) 42. h4 ({Don't do} 42. Rxc4 $6 Rh8 $18) 42... f5 43. Rxc4 Rh8 44. gxf5+ Kxf5 45. a4 Rg8 46. Rc5+ e5 47. Rd7 Rg1+ 48. Kc2 Rh1 49. a5 Rb4 50. Rf7+ (50. a6 $142) 50... Ke6 51. Rf8 Be4+ 52. Kd2 $1 Rd4+ 53. Ke3 Rh3+ 54. Kf2 Rh2+ 55. Kg3 Rg2+ 56. Kh3 Bb7 $2 (56... Rg7 {might work better.}) 57. a6 $4 {[%mdl 8192] [#]} (57. Re8+ $18 Kd7 58. Rcxe5) 57... Rdg4 $1 $19 {[%csl Gg2][%cal Rg4g3]} 58. Ne4 Bxe4 {[%csl Gg2][%cal Rg4g3]} 59. Rc3 Rg7 {( -> ...Rg1)} 60. Re8+ Kd7 $2 (60... Kd6 $19 {[%cal Re4f5]} 61. Rd3+ Bxd3 62. Rd8+ {[#]} Kc5 $1 {[%mdl 512]} 63. Rxd3 Rxe2) 61. Rxe5 $11 Rg1 {[%cal Rg1h1]} 62. Rg5 $1 {[%cal Rg5g1]} R1xg5 63. hxg5 Rxg5 {[%mdl 4096] Endgame KRB-KR} 64. Ra3 Rg8 65. a7 Ra8 66. Kg3 Kc7 67. Kf4 Bc6 68. e4 Kb7 (68... Rf8+ {is more complex.} 69. Ke5 Re8+ 70. Kd4 Rxe4+ 71. Kc5 Ba8) 69. e5 {The position is equal.} Rxa7 70. Rxa7+ Kxa7 {KB-KPP} 71. e6 Ka6 72. Ke5 Ka5 73. Kd6 (73. e7 {is interesting.} Be8 74. Kf6 Ka4 75. Kg5 Ka3 76. Kf4) 73... Be8 74. Ke7 Bh5 75. Kf8 Ka4 76. e7 Ka3 77. e8=Q Bxe8 78. Kxe8 Kxa2 {Accuracy: White = 75%, Black = 51%.} 1/2-1/2

[Event "18th Izmir Open 2019"]
[Site "Izmir"]
[Date "2019.09.04"]
[Round "4.4"]
[White "Bicer, Atakan Mert"]
[Black "Kamer, Kayra"]
[Result "0-1"]
[WhiteElo "2035"]
[BlackElo "2304"]
[Annotator "TA"]
[PlyCount "122"]
[EventDate "2019.09.02"]
[EventType "swiss"]
[EventCountry "TUR"]
[SourceTitle "playchess.com"]
[Source "ChessBase"]
[SourceQuality "1"]

{[%evp 9,122,14,16,-26,0,-25,-22,-30,-29,-49,-35,-40,-34,-41,-32,-59,-40,-59,-42,-184,-99,-154,-151,-139,-118,-122,-102,-121,-116,-135,-108,-147,-152,-137,-149,-119,-95,-116,-109,-175,-157,-392,-395,-394,-389,-429,-430,-403,-422,-427,-440,-423,-427,-455,-443,-416,-401,-504,-511,-486,-496,-481,-454,-539,-529,-576,-578,-526,-473,-790,-832,-762,-762,-1091,-1075,-1054,-1031,-964,-688,-1927,-1825,-1791,-1716,-1307,-1085,-1686,-1721,-1439,-1721,-1634,-1741,-1574,-1539,-1431,-1290,-5060,-5052,-29966,-29965,-29975,-29976,-29969,-29972,-29979,-29980,-29980,-29981,-29981,-29982,-29982,-29983,-29983,-29984,-29983,-29984]} 1. c4 ({Predecessor:} 1. Nf3 d5 2. g3 g6 3. Bg2 Bg7 4. d3 e5 5. c4 c6 6. cxd5 cxd5 7. O-O Ne7 8. Nc3 {½-½ (27) Flesch,J-Baumbach,F Sinaia 1964}) 1... g6 2. g3 Bg7 3. Bg2 c6 4. Nc3 e5 5. d3 Ne7 6. Nf3 {A21: English Opening: 1...e5 2 Nc3} O-O 7. O-O d5 8. cxd5 $146 {The position is equal.} (8. Qc2 d4 9. Ne4 f5 10. Ned2 c5 11. b4 Nbc6 12. bxc5 e4 13. Ng5 h6 14. Ngxe4 fxe4 15. Nxe4 {0-1 (27) Petrosian,T (2598)-Cheparinov,I (2709) St Petersburg 2018}) 8... cxd5 9. e4 d4 10. Ne2 Nbc6 {[%cal Bb8c6,Bc6b4,Bb4c2][%mdl 32]} 11. Nd2 Be6 12. f4 f6 $36 {[%mdl 2048] Black has the initiative.} 13. h3 Nb4 14. f5 (14. fxe5 $15 fxe5 15. Rxf8+ Qxf8 16. Nf3) 14... Bf7 (14... gxf5 $19 15. exf5 Nxf5 16. Rxf5 Bxf5 17. Qb3+ Kh8 18. Qxb4 Bxd3) 15. fxg6 ({Better is} 15. Nc4) 15... hxg6 $17 16. Nf3 Rc8 17. b3 Nc2 18. Rb1 Qa5 19. Rb2 Nb4 20. Bd2 Qa3 $1 {[%cal Ra3b2]} 21. Bxb4 Qxb2 22. Bxe7 Rc2 {[%cal Bc8c2,Bc2b2,Bb2b1][%mdl 32]} 23. Rf2 ({Not} 23. Bxf8 $2 Rxe2 24. Nh4 Kxf8 $19) 23... Rfc8 $1 {...Bh6 is the strong threat.} 24. Bf1 (24. Qf1 $17 Re8 25. Ne1 Rxe7 26. Nxc2 Qxc2 27. Nxd4) 24... Qxa2 $19 {Hoping for ...Rb2.} 25. Nh2 $2 {[#]} (25. Qe1 $17) 25... Rb2 $1 26. Qe1 Rb1 27. Qb4 Rxb3 28. Qd6 {[#]} Rb6 $1 {[%cal Rb6d6]} 29. Qa3 Qxa3 30. Bxa3 Ra6 31. Bb4 Ra1 32. Ng4 a5 33. Be7 a4 34. Nxf6+ Bxf6 35. Bxf6 Re8 36. Nxd4 exd4 37. Bxd4 Rb1 38. Rf4 Be6 39. Rh4 (39. Kf2 $142 a3 40. Rf6) 39... Rf8 40. Rh8+ Kf7 41. Rxf8+ Kxf8 {[%mdl 4096] Endgame KRB-KB} 42. Kf2 Kf7 43. Bc5 b5 44. g4 b4 45. d4 a3 46. d5 Bc8 47. e5 a2 48. e6+ Kg8 49. Bd4 a1=Q 50. Bxa1 Rxa1 51. Bc4 Rc1 52. Bd3 b3 53. Bxg6 b2 {Black mates.} 54. Kg3 Kg7 55. Bf5 Kf6 56. h4 b1=Q 57. Bxb1 Rxb1 58. Kf4 Rb4+ 59. Kg3 Rd4 60. g5+ Kf5 61. e7 Bd7 {Accuracy: White = 23%, Black = 93%.} 0-1

[Event "18th Izmir Open 2019"]
[Site "Izmir"]
[Date "2019.09.04"]
[Round "4.5"]
[White "Celiker, Yakup"]
[Black "Annaberdiyev, Babageldi"]
[Result "0-1"]
[WhiteElo "1940"]
[BlackElo "2205"]
[Annotator "ChessBase"]
[PlyCount "106"]
[EventDate "2019.09.02"]
[EventType "swiss"]
[EventCountry "TUR"]
[SourceTitle "playchess.com"]
[Source "ChessBase"]
[SourceQuality "1"]
[TimeControl "5400+30"]

1. e4 {[%emt 0:02:30]} c5 {[%emt 0:00:30]} 2. Nf3 {[%emt 0:00:30]} Nc6 {[%emt 0:00:00]} 3. b3 {[%emt 0:00:30]} d6 {[%emt 0:02:00]} 4. Bb2 {[%emt 0:01:30]} Nf6 {[%emt 0:00:30]} 5. Nc3 {[%emt 0:02:30]} e5 {[%emt 0:00:30]} 6. Bb5 {[%emt 0:01:30]} Bd7 {[%emt 0:00:30]} 7. O-O {[%emt 0:00:30]} Be7 {[%emt 0:00:30]} 8. d3 {[%emt 0:00:30]} a6 {[%emt 0:00:30]} 9. Bxc6 {[%emt 0:00:30]} Bxc6 {[%emt 0:00:30]} 10. Ne2 {[%emt 0:00:30]} b5 {[%emt 0:05:30]} 11. Ng3 {[%emt 0:01:30]} h5 {[%emt 0:01:30]} 12. Nf5 {[%emt 0:03:30]} Bf8 {[%emt 0:01:30]} 13. a4 {[%emt 0:05:30]} g6 {[%emt 0:03:30]} 14. Ne3 {[%emt 0:03:30]} Bh6 {[%emt 0:08:30]} 15. axb5 {[%emt 0:04:30]} axb5 {[%emt 0:05:30]} 16. Qe2 {[%emt 0:01:30]} O-O {[%emt 0:00:30]} 17. h3 {[%emt 0:03:30]} Rxa1 {[%emt 0:07:30]} 18. Rxa1 {[%emt 0:00:30]} Qe7 {[%emt 0:00:00]} 19. g3 {[%emt 0:02:30]} Ra8 {[%emt 0:00:00]} 20. Rxa8+ {[%emt 0:06:30]} Bxa8 {[%emt 0:00:30]} 21. c4 {[%emt 0:00:30]} b4 {[%emt 0:02:30]} 22. Nd2 {[%emt 0:03:30]} Qa7 {[%emt 0:00:30]} 23. Qe1 {[%emt 0:00:00]} Qa2 {[%emt 0:01:30]} 24. Qa1 {[%emt 0:02:00]} Qxa1+ {[%emt 0:00:00]} 25. Bxa1 {[%emt 0:00:30]} Nd7 {[%emt 0:01:00]} 26. Kf1 {[%emt 0:01:30]} Nb8 {[%emt 0:00:30]} 27. Ke2 {[%emt 0:00:30]} Nc6 {[%emt 0:00:00]} 28. Bb2 {[%emt 0:02:30]} Na5 {[%emt 0:00:00]} 29. Kd1 {[%emt 0:01:30]} Bb7 {[%emt 0:00:30]} 30. Kc2 {[%emt 0:00:00]} Bc8 {[%emt 0:00:00]} 31. h4 {[%emt 0:00:00]} Bh3 {[%emt 0:02:00]} 32. Nf3 {[%emt 0:00:30]} f6 {[%emt 0:00:30]} 33. Bc1 {[%emt 0:02:30]} Kf7 {[%emt 0:01:30]} 34. Bd2 {[%emt 0:00:30]} Nc6 {[%emt 0:03:30]} 35. Bc1 {[%emt 0:03:30]} Bc8 {[%emt 0:04:30]} 36. Bb2 {[%emt 0:00:00]} g5 {[%emt 0:03:30]} 37. Bc1 {[%emt 0:08:00]} g4 {[%emt 0:00:30]} 38. Ne1 {[%emt 0:01:30]} Nd4+ {[%emt 0:02:30]} 39. Kb2 {[%emt 0:00:00]} Ne2 {[%emt 0:00:30]} 40. N1c2 {[%emt 0:00:00]} f5 {[%emt 0:02:30]} 41. exf5 {[%emt 0:00:30]} e4 {[%emt 0:00:30]} 42. dxe4 {[%emt 0:01:30]} Bg7+ {[%emt 0:00:30]} 43. Kb1 {[%emt 0:00:30]} Nc3+ {[%emt 0:00:00]} 44. Ka1 {[%emt 0:00:30]} Nxe4+ {[%emt 0:01:00]} 45. Bb2 {[%emt 0:00:30]} Bxb2+ {[%emt 0:02:30]} 46. Kxb2 {[%emt 0:00:00]} Nxf2 {[%emt 0:00:00]} 47. Kc1 {[%emt 0:03:00]} Ne4 {[%emt 0:00:00]} 48. Nf1 {[%emt 0:00:30]} Bxf5 {[%emt 0:00:00]} 49. Nce3 {[%emt 0:00:30]} Be6 {[%emt 0:03:00]} 50. Kc2 {[%emt 0:01:30]} Kf6 {[%emt 0:00:30]} 51. Kd3 {[%emt 0:00:30]} Ke5 {[%emt 0:00:00]} 52. Ng2 {[%emt 0:00:30]} Bf7 {[%emt 0:00:00]} 53. Nf4 {[%emt 0:00:30]} Nxg3 {[%emt 0:01:30]} 0-1

[Event "18th Izmir Open 2019"]
[Site "Izmir"]
[Date "2019.09.04"]
[Round "4.6"]
[White "Taspinar, Yanki"]
[Black "Demirbag, Alihan"]
[Result "1-0"]
[WhiteElo "1970"]
[BlackElo "2121"]
[Annotator "TA"]
[PlyCount "73"]
[EventDate "2019.09.02"]
[EventType "swiss"]
[EventCountry "TUR"]
[SourceTitle "playchess.com"]
[Source "ChessBase"]
[SourceQuality "1"]

{[%evp 16,73,15,12,9,6,9,0,0,0,14,12,12,15,25,24,27,21,21,-72,-74,-79,-79,-82,-74,-59,-70,-71,-64,-88,-96,-86,-90,-160,-160,-211,365,354,491,420,489,452,572,566,568,570,567,566,565,546,763,758,851,821,931,909,895,882,835,806]} 1. d4 Nf6 2. c4 b6 3. Nf3 Bb7 4. Nbd2 e6 5. e3 d5 6. Bd3 Be7 7. O-O O-O 8. b3 Ne4 9. Bb2 Nd7 {D30: Queen's Gambit Declined: Systems without Nc3} 10. Qc2 {[%cal Rd2e4]} f5 11. Rfd1 (11. Ne5 Nxe5 12. dxe5 Nxd2 13. Qxd2 dxc4 14. bxc4 Be4 15. Rfd1 Bxd3 16. Qc3 Qe8 17. Rxd3 {1-0 (95) Nakamura,H (2777)-Hou,Y (2658) chess.com INT 2018}) 11... Rc8 {The position is equal.} 12. Ne5 Nxe5 (12... c5 {is more complex.} 13. Nxd7 Qxd7 14. Nf3 Bd6 15. Qe2 Qe7) 13. dxe5 Qe8 14. cxd5 $146 ({Predecessor:} 14. f3 Nxd2 15. Rxd2 c6 16. a3 Qh5 17. Rf1 {1-0 (42) Vidruk,M (1780)-Golsta,R (1661) Riga 2018}) 14... exd5 15. f3 Nxd2 $1 16. Rxd2 Bc5 17. Kh1 (17. Re2 $11) 17... Bxe3 $17 18. Re2 {[#]} f4 $1 19. Bxh7+ Kh8 20. Bf5 c5 21. Bxc8 Bxc8 22. Rae1 Bf5 23. Qd1 d4 24. Bc1 (24. Rxe3 $142 fxe3 {[#]} 25. Bxd4 $1 {[%mdl 512]} cxd4 26. Qxd4) 24... Qxe5 25. g3 (25. Rd2 $17 {is a better defense.}) 25... Bg4 $4 {[%mdl 8192]} (25... Qd5 $19 26. Kg2 Qc6) 26. fxg4 $18 Qe4+ 27. Rg2 f3 {[%csl Ge4][%cal Rf3g2] [#]} 28. Rf2 $1 {[%mdl 576] Pin. White is clearly winning.} b5 (28... Bxf2 29. Rxe4) 29. Qc2 Qxc2 30. Rxc2 d3 31. Bxe3 dxc2 {[%mdl 4096] Endgame KRB-KR} 32. Kg1 Rd8 33. Rc1 Rd1+ 34. Kf2 c4 35. bxc4 bxc4 36. Rxc2 Rh1 37. Kxf3 {Accuracy: White = 52%, Black = 60%.} 1-0

[Event "18th Izmir Open 2019"]
[Site "Izmir"]
[Date "2019.09.04"]
[Round "4.7"]
[White "Ayazmali, Gizem"]
[Black "Unat, Can Haktan"]
[Result "0-1"]
[WhiteElo "1742"]
[BlackElo "2100"]
[Annotator "ChessBase"]
[PlyCount "110"]
[EventDate "2019.09.02"]
[EventType "swiss"]
[EventCountry "TUR"]
[SourceTitle "playchess.com"]
[Source "ChessBase"]
[SourceQuality "1"]
[TimeControl "5400+30"]

1. c4 {[%emt 0:00:30]} Nf6 {[%emt 0:01:30]} 2. Nc3 {[%emt 0:00:00]} e5 {[%emt 0:00:00]} 3. g3 {[%emt 0:00:00]} c6 {[%emt 0:00:00]} 4. Bg2 {[%emt 0:00:30]} d5 {[%emt 0:00:30]} 5. cxd5 {[%emt 0:05:30]} cxd5 {[%emt 0:00:00]} 6. d3 {[%emt 0:00:30]} Nc6 {[%emt 0:01:00]} 7. Bg5 {[%emt 0:03:30]} Be6 {[%emt 0:00:00]} 8. Bxf6 {[%emt 0:08:30]} gxf6 {[%emt 0:00:00]} 9. Qb3 {[%emt 0:22:30]} Nd4 {[%emt 0:08:30]} 10. Qd1 {[%emt 0:05:30]} Qa5 {[%emt 0:16:30]} 11. Nf3 {[%emt 0:25:30]} Nxf3+ {[%emt 0:16:30]} 12. Bxf3 {[%emt 0:00:30]} d4 {[%emt 0:00:00]} 13. Qa4+ {[%emt 0:00:30]} Qxa4 14. Nxa4 {[%emt 0:00:00]} Bb4+ {[%emt 0:00:30]} 15. Kd1 {[%emt 0:04:00]} Rb8 {[%emt 0:02:30]} 16. b3 {[%emt 0:00:30]} b5 {[%emt 0:01:30]} 17. Nb2 {[%emt 0:00:00]} Bc3 {[%emt 0:00:00]} 18. Rb1 {[%emt 0:00:00]} O-O {[%emt 0:00:00]} 19. e3 {[%emt 0:01:30]} Rb6 {[%emt 0:03:30]} 20. Kc2 {[%emt 0:12:59]} Rc8 {[%emt 0:00:30]} 21. Rbc1 {[%emt 0:00:49]} a5 {[%emt 0:00:30]} 22. Kb1 {[%emt 0:00:51]} a4 {[%emt 0:00:30]} 23. b4 {[%emt 0:00:28]} a3 {[%emt 0:01:30]} 24. Nd1 {[%emt 0:00:13]} Bxb4 {[%emt 0:00:00]} 25. Rxc8+ {[%emt 0:00:17]} Bxc8 {[%emt 0:00:00]} 26. Bd5 {[%emt 0:01:12]} Rd6 {[%emt 0:02:30]} 27. e4 {[%emt 0:00:21]} Bg4 {[%emt 0:00:00]} 28. f4 {[%emt 0:02:06]} Bf3 {[%emt 0:01:00]} 29. Rg1 {[%emt 0:00:13]} Rd8 {[%emt 0:02:30]} 30. Bb3 {[%emt 0:02:46]} Rc8 {[%emt 0:00:30]} 31. fxe5 {[%emt 0:00:42]} Bd2 {[%emt 0:00:30]} 32. Nf2 {[%emt 0:01:28]} fxe5 {[%emt 0:00:30]} 33. Bc2 {[%emt 0:01:32]} f6 {[%emt 0:02:30]} 34. g4 {[%emt 0:00:35]} Be3 {[%emt 0:00:30]} 35. Rg3 {[%emt 0:00:49]} Be2 {[%emt 0:00:30]} 36. g5 {[%emt 0:00:19]} fxg5 {[%emt 0:01:30]} 37. Ng4 {[%emt 0:00:40]} Bf4 {[%emt 0:01:30]} 38. Nh6+ {[%emt 0:00:31]} Kf8 {[%emt 0:00:30]} 39. Rg1 {[%emt 0:00:11]} Rc3 {[%emt 0:01:30]} 40. h4 {[%emt 0:00:48]} Be3 {[%emt 0:00:30]} 41. Re1 {[%emt 0:00:26]} Bxd3 {[%emt 0:00:30]} 42. Bxd3 {[%emt 0:00:06]} Rxd3 {[%emt 0:00:00]} 43. Rf1+ {[%emt 0:00:09]} Ke8 {[%emt 0:01:00]} 44. hxg5 {[%emt 0:00:28]} Bxg5 {[%emt 0:00:30]} 45. Nf7 {[%emt 0:00:10]} Bf4 {[%emt 0:00:30]} 46. Nd6+ {[%emt 0:00:02]} Kd7 {[%emt 0:00:30]} 47. Nxb5 {[%emt 0:00:21]} Kc6 {[%emt 0:00:30]} 48. Na7+ {[%emt 0:00:06]} Kc5 {[%emt 0:00:00]} 49. Nc8 {[%emt 0:01:13]} Rd2 {[%emt 0:01:00]} 50. Rc1+ {[%emt 0:00:38]} Kb4 {[%emt 0:00:00]} 51. Rh1 {[%emt 0:01:54]} h5 {[%emt 0:01:00]} 52. Ne7 {[%emt 0:00:24]} Rb2+ {[%emt 0:01:30]} 53. Ka1 {[%emt 0:00:01]} Re2 {[%emt 0:00:00]} 54. Nd5+ {[%emt 0:00:41]} Kc4 {[%emt 0:00:00]} 55. Nb6+ {[%emt 0:00:50]} Kd3 {[%emt 0:00:30]} 0-1

[Event "18th Izmir Open 2019"]
[Site "Izmir"]
[Date "2019.09.04"]
[Round "4.8"]
[White "Mohannad, Farhan"]
[Black "Demir, Baran"]
[Result "1/2-1/2"]
[WhiteElo "2094"]
[BlackElo "1859"]
[Annotator "NA"]
[PlyCount "61"]
[EventDate "2019.09.02"]
[EventType "swiss"]
[EventCountry "TUR"]
[SourceTitle "playchess.com"]
[Source "ChessBase"]
[SourceQuality "1"]
[TimeControl "5400+30"]

1. d4 {[%emt 0:00:30]} Nf6 {[%emt 0:07:30]} 2. Nf3 {[%emt 0:00:30]} g6 {[%emt 0:03:30]} 3. g3 {[%emt 0:00:30]} Bg7 {[%emt 0:00:00]} 4. Bg2 {[%emt 0:00:00]} O-O {[%emt 0:00:00]} 5. O-O {[%emt 0:00:00]} c5 {[%emt 0:00:30]} 6. d5 {[%emt 0:01:30]} d6 {[%emt 0:02:30]} 7. c4 {[%emt 0:00:30]} Na6 {[%emt 0:00:00]} 8. Nc3 {[%emt 0:00:30]} Nc7 {[%emt 0:00:00]} 9. e4 {[%emt 0:06:30]} Rb8 {[%emt 0:01:30]} 10. a4 {[%emt 0:03:30]} b6 {[%emt 0:00:30]} 11. Re1 {[%emt 0:11:30]} a6 {[%emt 0:03:30]} 12. h3 {[%emt 0:05:30]} b5 {[%emt 0:02:30] E64: King's Indian: Fianchetto: 6...c5 7 d5} 13. axb5 {[%emt 0:00:30]} (13. e5 Nd7 14. Bf4 dxe5 15. Nxe5 Nxe5 16. Bxe5 Bxe5 17. Rxe5 bxc4 18. Qd2 Bf5 19. Rae1 e6 20. d6 {0-1 (37) Fominyh,A (2520)-Belozerov,A (2541) Tomsk 2003}) 13... axb5 {[%emt 0:00:00]} 14. cxb5 $146 {[%emt 0:07:30]} ({Predecessor:} 14. e5 Nfe8 15. cxb5 Nxb5 16. Nxb5 Rxb5 17. Qe2 Nc7 18. Ra2 Bb7 19. Rd1 Qb8 20. exd6 exd6 {0-1 (37) Bensdorp,M (2284)-Pytel,K (2391) La Fere 2008}) 14... Nxb5 {[%emt 0:00:00]} 15. Nxb5 {[%emt 0:00:00]} Rxb5 {[%emt 0:00:30]} 16. e5 {[%emt 0:04:00]} Nd7 {[%emt 0:01:30]} 17. e6 {[%emt 0:00:30]} fxe6 {[%emt 0:11:30]} 18. Qe2 {[%emt 0:04:30]} ({But not} 18. dxe6 Nf6 $15) 18... Ra5 {[%emt 0:07:30]} 19. Rxa5 {[%emt 0:02:30]} Qxa5 {[%emt 0:00:30]} 20. Bd2 $11 {[%emt 0:09:30]} ({White must play} 20. Qxe6+ $16 Kh8 21. Bd2 (21. Qxe7 Ne5 $14)) 20... Qd8 {[%emt 0:00:30]} 21. dxe6 {[%emt 0:04:30]} Ne5 {[%emt 0:01:30]} 22. Nxe5 {[%emt 0:01:30]} Bxe5 {[%emt 0:06:30]} 23. Bc3 {[%emt 0:00:00]} Bxc3 {[%emt 0:01:30]} 24. bxc3 {[%emt 0:00:00]} Qa5 {[%emt 0:00:30]} 25. c4 {[%emt 0:00:30]} Qb4 {[%emt 0:03:30]} 26. Ra1 {[%emt 0:03:30]} Bb7 {[%emt 0:02:30]} 27. Ra7 {[%emt 0:01:30]} Qb1+ {[%emt 0:01:30]} 28. Kh2 {[%emt 0:00:00]} Bxg2 {[%emt 0:01:30]} 29. Kxg2 {[%emt 0:00:00]} Re8 {[%emt 0:00:30]} 30. g4 {[%emt 0:06:30]} g5 {[%emt 0:02:30]} 31. Qf3 {[%emt 0:07:30]} 1/2-1/2

[Event "18th Izmir Open 2019"]
[Site "Izmir"]
[Date "2019.09.04"]
[Round "4.9"]
[White "Guseynov, Alihan"]
[Black "Gonullu, Muhammed Sinan"]
[Result "1-0"]
[WhiteElo "2326"]
[BlackElo "1796"]
[Annotator "TA"]
[PlyCount "57"]
[EventDate "2019.09.02"]
[EventType "swiss"]
[EventCountry "TUR"]
[SourceTitle "playchess.com"]
[Source "ChessBase"]
[SourceQuality "1"]

{[%evp 22,64,62,64,69,60,72,62,75,32,58,29,32,24,71,84,105,91,74,72,138,160,147,146,145,161,253,250,255,256,347,333,447,450,522,527,493,500,675,680,637,651,732,707,764]} 1. c4 Nf6 2. Nc3 c5 3. Nf3 b6 4. d4 cxd4 5. Nxd4 Bb7 6. f3 Nc6 7. e4 g6 8. Be3 Bg7 9. Be2 d6 10. O-O O-O 11. Qd2 Nxd4 12. Bxd4 Nd7 {B38: Sicilian: Maroczy Bind with 5...Bg7 and 7...0-0} 13. Bxg7 Kxg7 14. Qd4+ (14. b4 a5 15. a3 Qc7 16. Rac1 Rfc8 17. f4 Nf6 18. Qe3 axb4 19. axb4 Ra3 20. Bd3 {0-1 (40) Degraeve,R (2364)-Maze,S (2595) Menton 2018}) 14... f6 $146 {White is slightly better.} ({Predecessor:} 14... Kg8 15. f4 a6 16. Rac1 Rc8 17. Nd5 e5 18. fxe5 dxe5 19. Qe3 Bxd5 20. cxd5 {1-0 (37) Akopova,A (1940)-Skakun,V (1700) Moscow 2009}) 15. b4 Rc8 16. Rac1 Ne5 17. a3 Qc7 18. f4 Nf7 19. Bg4 Qxc4 20. Qe3 {Hoping for Nd5.} Qb3 (20... e6 $142) 21. Bxc8 $16 Rxc8 22. Nd5 $36 {[%mdl 2048] White is in control.} Qxe3+ 23. Nxe3 Rxc1 (23... Re8 $142 24. Rc7 Bxe4) 24. Rxc1 $18 Bxe4 $16 {[%mdl 4096] Endgame KRN-KBN} 25. Rc7 a6 {and the idea ...Kf8 leaves Black hopeful.} 26. Rxe7 f5 27. Ra7 {White is clearly winning.} Kf6 28. Rxa6 b5 29. Nd1 {Played: Ra6-b6} 1-0

[Event "18th Izmir Open 2019"]
[Site "Izmir"]
[Date "2019.09.04"]
[Round "5.1"]
[White "Annaberdiyev, Babageldi"]
[Black "Koksal, Ege"]
[Result "1/2-1/2"]
[WhiteElo "2205"]
[BlackElo "2375"]
[Annotator "TA"]
[PlyCount "35"]
[EventDate "2019.09.02"]
[EventType "swiss"]
[EventCountry "TUR"]
[SourceTitle "playchess.com"]
[Source "ChessBase"]
[SourceQuality "1"]

{[%evp 18,35,0,-13,0,-4,10,-14,-6,-6,-6,-10,0,-4,-8,-44,38,9,24,12]} 1. e4 e5 2. Nf3 Nc6 3. Bc4 Bc5 4. c3 Nf6 5. b4 Bb6 6. d3 d6 7. O-O O-O 8. a4 a5 9. b5 Ne7 10. Be3 c6 {C54: Giuoco Piano: 4 c3 Nf6, main lines with 5 d4 and 5 d3} 11. Bxb6 (11. Re1 Bc7 12. Nbd2 d5 13. Ba2 Ng6 14. h3 h6 15. Qc2 Bd7 16. Rab1 Qc8 17. Nf1 Rd8 18. Ng3 {0-1 (29) Mareco,S (2650)-Ganguly,S (2658) Linares 2017}) 11... Qxb6 12. bxc6 bxc6 {The position is equal.} 13. Nbd2 d5 14. exd5 cxd5 15. Bb5 Ng6 16. Re1 $146 ({Predecessor:} 16. Qe2 Qc7 17. Rac1 Bd7 18. c4 {1-0 (30) Vrbova,N (2186)-Jacimovic,S (1992) Baku 2016}) 16... Qc7 ({Black should try} 16... Ng4 $15 17. Rf1 Bf5) 17. c4 d4 18. Rc1 1/2-1/2